00736nam a22002417a 4500001000700000003000900007005001700016007000700033008004000040020001800080040002200098082002900120100003200149245007300181260003900254300003200293490001800325500001900343500003300362650003400395650003300429700003200462000703DO-SdBNP20240308083318.0000703161115b 2011 dr a |||| 00| 0 spa d a9789945197952 aBPMSUbspacBPMSU 4aA863.6 bM779hc 20112221 a Montes, Graciela d1947- 10aHabía una vez una [casita] /cGraciela Montes, Saúl Oscar Rojas  aSanto Domingo : bLoqueleo,c2011 a[26] p. : bil. ; c17 cm. 0 aPictocuentos. aPre - Lectores aIncluye datos de los autores 4aCuentos infantiles argentinos 4aLibros ilustrados infantiles1 aRojas, Saùl Oscar eautor